Identification and molecular characterization of multiple forms of a-1,3-Glucanase gene promoter from Hevea brasiliensis through inverse PCR (Record no. 60595)

MARC details
000 -LEADER
fixed length control field 00611nam a2200145Ia 4500
100 ## - MAIN ENTRY--AUTHOR NAME
Personal name Supriya R
245 #0 - TITLE STATEMENT
Title Identification and molecular characterization of multiple forms of a-1,3-Glucanase gene promoter from Hevea brasiliensis through inverse PCR
260 ## - PUBLICATION, DISTRIBUTION, ETC. (IMPRINT)
Name of publisher IRC 2012. International Rubber Conference, 28-31 October 2012, Kovalam, India, Rubber Research Institute of India, Kottayam and IRRDB, Malaysia: Abstracts. pp.88.
650 ## - SUBJECT ADDED ENTRY--TOPICAL TERM
Topical Term Molecular characterization
650 ## - SUBJECT ADDED ENTRY--TOPICAL TERM
Topical Term PCR
700 ## - ADDED ENTRY--PERSONAL NAME
Personal name Saleena A
700 ## - ADDED ENTRY--PERSONAL NAME
Personal name Thulaseedharan A
942 ## - ADDED ENTRY ELEMENTS (KOHA)
Koha item type Journals
Holdings
Withdrawn status Lost status Damaged status Not for loan Home library Current library Shelving location Date acquired Koha item type
      Journals RRII Library RRII Library Biotechnology 16/04/2013 Journals